000 00468nam a2200181Ia 4500
008 090124s9999 xx 000 0 und d
082 _b18652
100 _aरानडे जयंत
245 _a चरस
250 _a1
260 _bउदयदीप प्रकाशन
_c1978
300 _a155
600 _aरानडे जयंत
630 _a चरस
700 _aरानडे जयंत
730 _a चरस
942 _cBOOK
999 _c89648
_d89648